Statistics for ワールドカップ優勝回数

Click here to take the quiz!

General Stats

  • This quiz has been taken 290 times
  • The average score is 7 of 8

Answer Stats

優勝回数 国% Correct
5回ブラジル(1958,1962,1970,1994,2002)
100%
1回スペイン(2010)
97%
4回ドイツ(1954,1974,1990,2014)
97%
2回フランス(1998,2018)
96%
3回アルゼンチン(1978,1986,2022)
94%
4回イタリア(1934,1938,1982,2006)
92%
1回イングランド(1966)
82%
2回ウルグアイ(1930,1950)
70%

Score Distribution

Percentile by Number Answered

Percent of People with Each Score

Your Score History

You have not taken this quiz